000
00418nam a2200157Ia 4500
008
100122s9999 xx 000 0 und d
082
_b
67897
_a
823
100
_a
शिरवळकर सुहास
245
_a
प्रयास
250
_a
2
260
_b
शशिदीप प्रकाशन
_c
2005
300
_a
250
630
_a
प्रयास
730
_a
प्रयास
942
_c
BOOK
999
_c
439728
_d
439725